Statistics for Every Bobby Darin song that hit the Billboard hot 100

Click here to take the quiz!

General Stats

  • This quiz has been taken 11 times
  • The average score is 8 of 40

Answer Stats

Peak Chart PositionYearSong% Correct
61961Beyond The Sea
82%
11959Mack The Knife
82%
31958Splish Splash
73%
21959Dream Lover
55%
791965Hello, Dolly!
36%
81966If I Were A Carpenter
36%
91958Queen Of The Hop
36%
201960Artificial Flowers
27%
31962Things
27%
511961Christmas Auld Lang Syne
18%
451964Milord
18%
1001960Beachcomber
18%
51961You Must Have Been A Beautiful Baby
18%
31963You're The Reason I'm Living
18%
141961Lazy River
18%
10196318 Yellow Roses
18%
191960Won't You Come Home Bill Bailey
9%
931967Darling Be Home Soon
9%
901962I Found A New Baby
9%
791960I'll Be There
9%
791969Long Line Rider
9%
641963Be Mad Little Girl
9%
621967The Lady Came From Baltimore
9%
151962Irresistible You
9%
531966Mame
9%
451960Somebody To Love
9%
431963Treat My Baby Good
9%
421960Baby Face
9%
381959Plain Jane
9%
321967Lovin' You
9%
321962If A Man Answers
9%
301962Multiplication
9%
241962What'd I Say (Part 1)
9%
211960Clementine
9%
401961Nature Boy
9%
661966The Girl That Stood Beside Me
0%
671973Happy
0%
861964The Things In This House
0%
931964I Wonder Who's Kissing Her Now
0%
951960Child Of God
0%

Score Distribution

Percentile by Number Answered

Percent of People with Each Score

Your Score History

You have not taken this quiz